Normal view
MARC view
- Rohmer Eric
Entry Personal Name
001 - CONTROL NUMBER
- control field: 37485
003 - CONTROL NUMBER IDENTIFIER
- control field: IT-RoPau
005 - DATE AND TIME OF LATEST TRANSACTION
- control field: 20151125165728.0
008 - FIXED-LENGTH DATA ELEMENTS
- fixed length control field: 151125|| aca||aabn | a|a d
040 ## - CATALOGING SOURCE
- Original cataloging agency: IT-RoPau
- Transcribing agency: IT-RoPau
100 ## - HEADING--PERSONAL NAME
- Personal name: Rohmer Eric
- Miscellaneous information: Codice regista SPICS: 1948
670 ## - SOURCE DATA FOUND
- Source citation: Work cat.: (IT-RoPau)104755: Rohmer Eric Codice regista SPICS: 1948, RACCONTO DI PRIMAVERA RACCONTO DI PRIMAVERA (Rif. Codice opera principale : A5297)